Online
Catalog

Santa Evita / (Record no. 7218)

MARC details
000 -CABECERA
campo de control de longitud fija 01390cam a2200301 a 4500
001 - NÚMERO DE CONTROL
campo de control 000007437
005 - FECHA Y HORA DE LA ÚLTIMA TRANSACCIÓN
campo de control 20200929154153.0
008 - DATOS DE LONGITUD FIJA--INFORMACIÓN GENERAL
campo de control de longitud fija 960802s1995 ag 000 1 spa
020 ## - NÚMERO INTERNACIONAL ESTÁNDAR DEL LIBRO
Número Internacional Estándar del Libro 067977629X
035 ## - NÚMERO DE CONTROL DEL SISTEMA
Número de control de sistema (DLC) 96176420
035 ## - NÚMERO DE CONTROL DEL SISTEMA
Número de control de sistema (MNU)notisAQL3401
035 ## - NÚMERO DE CONTROL DEL SISTEMA
Número de control de sistema (OCoLC)OCM33478556
035 ## - NÚMERO DE CONTROL DEL SISTEMA
Número de control de sistema (CStRLIN)MNUGAQL3401-B
040 ## - FUENTE DE LA CATALOGACIÓN
Centro catalogador/agencia de origen DO-SdBNP
Lengua de catalogación spa
Centro/agencia transcriptor DLC
Centro/agencia modificador DLC
-- BNPHU
082 ## - NÚMERO DE LA CLASIFICACIÓN DECIMAL DEWEY
Número de clasificación A863.44
Número de documento/Ítem M385s
049 ## - FONDOS LOCALES (OCLC)
Fondos de biblioteca BNGR
100 1# - ENTRADA PRINCIPAL--NOMBRE DE PERSONA
Nombre de persona Martínez, Tomás Eloy,
Fechas asociadas al nombre 1934-
9 (RLIN) 20646
245 10 - MENCIÓN DE TÍTULO
Título Santa Evita /
Mención de responsabilidad, etc. Tomás Eloy Martínez.
260 ## - PUBLICACIÓN, DISTRIBUCIÓN, ETC.
Lugar de publicación, distribución, etc. Buenos Aires, (Argentina) :
Nombre del editor, distribuidor, etc. Planeta,
Lugar de publicación, distribución, etc. New York :
Nombre del editor, distribuidor, etc. Vintage Español,
Fecha de publicación, distribución, etc. 1995.
300 ## - DESCRIPCIÓN FÍSICA
Extensión 394 p. ;
Dimensiones 21 cm.
490 1# - MENCIÓN DE SERIE
Mención de serie Ficción literaria
520 1# - SUMARIO, ETC.
Sumario, etc. "Novela. Una pertinacia con casi obsesiva la voz narrativa Persigue la trayectoria del cuerpo de Eva Duarte de Perón. Canonización Las voces de una galería de personajes transmiten la fascinación ejercida por su figura y su explican "en la Imaginería popular. La Imposibilidad de discenir entre Historia y Ficción real maravilloso producir un relato alucinante que revivifica MANERA DE Indiscutible la categoria de lo '' "- Handbook of Latin American Studies, v. 58.
600 10 - PUNTO DE ACCESO ADICIONAL DE MATERIA--NOMBRE DE PERSONA
Nombre de persona PERÓN, EVA,
Fechas asociadas al nombre 1919-1952
9 (RLIN) 20647
650 #4 - PUNTO DE ACCESO ADICIONAL DE MATERIA--TÉRMINO DE MATERIA
Término de materia o nombre geográfico como elemento de entrada Novela argentina
9 (RLIN) 3941
650 #4 - PUNTO DE ACCESO ADICIONAL DE MATERIA--TÉRMINO DE MATERIA
Término de materia o nombre geográfico como elemento de entrada Literatura argentina
9 (RLIN) 3860
830 #0 - PUNTO DE ACCESO ADICIONAL DE SERIE-TÍTULO UNIFORME
Título uniforme Ficción literaria.
9 (RLIN) 20648
910 ## - DATOS DE OPCIÓN DEL USUARIO (OCLC)
Datos de opción del usuario Catalogación derivada
Holdings
Estado de retiro Estado de pérdida Restricciones de uso No para préstamo Código de colección Localización permanente Ubicación/localización actual Ubicación en estantería Fecha de adquisición Número de inventario Total de préstamos Signatura topográfica completa Código de barras Fecha visto por última vez Precio válido a partir de Tipo de ítem Koha
    Préstamo interno   Monografías: Libros y Folletos General General En catalogación 08.09.2009 LF1   A863.44 M385s 7437-10 25.06.2020 25.06.2020 Préstamo interno

Powered by Koha